1.FC Union Berlin Squad 2024-2025 - Statistics

General Stats
  • This quiz has been taken 133 times
    81 since last reset
  • The average score is 21 of 32
Answer Stats
# Position Nation Player % Correct
1 GK Denmark Frederik Rønnow
94%
5 DF Netherlands Danilho Doekhi
91%
4 DF Portugal Diogo Leite
91%
28 DF Austria Christopher Trimmel
89%
16 FW Germany Benedict Hollerbach
83%
18 DF Croatia Josip Juranović
83%
8 MF Tunisia Rani Khedira
79%
11 MF South Korea Woo-yeong Jeong
79%
13 MF Hungary András Schäfer
75%
20 MF Slovakia László Bénes
75%
26 DF Guadeloupe Jérôme Roussillon
74%
2 DF Germany Kevin Vogt
74%
15 DF Germany Tom Rothe
70%
23 FW Serbia Andrej Ilić
66%
19 MF Germany Janik Haberer
66%
29 MF France Lucas Tousart
66%
37 GK Germany Alexander Schwolow
64%
10 FW Germany Kevin Volland
64%
14 DF Austria Leopold Querfeld
64%
- Coach Germany Steffen Baumgart
64%
7 FW Belgium Yorbe Vertessen
64%
- Coach Denmark Bo Svensson
60%
17 FW United States Jordan
60%
36 MF Germany Aljoscha Kemlein
58%
27 FW Croatia Marin Ljubičić
57%
9 FW Croatia Ivan Prtajin
53%
24 MF Denmark Robert Skov
53%
21 FW Germany Tim Skarke
51%
25 GK Germany Carl Klaus
42%
39 GK Germany Yannic Stein
42%
45 FW Germany David Preu
40%
41 DF Germany Oluwaseun Ogbemudia
36%
No matching quizzes found
Score Distribution
Percent of People with Each Score
Percentile by Number Answered
Your Score History
You have not taken this quiz since the last reset